[Event "Aeroflot Open 2010"]
[Site "Moscu RUS"]
[Date "2010.02.14"]
[Round "6.12"]
[White "Bu, Xiangzhi"]
[Black "McShane, Luke J"]
[Result "1/2-1/2"]
[WhiteElo "2673"]
[BlackElo "2616"]
[PlyCount "176"]
[EventDate "2010.02.09"]
[EventType "swiss"]
[EventRounds "9"]
[EventCountry "RUS"]
[Source "lmi"]
[SourceDate "2010.02.09"]

1. d4 Nf6 2. Nf3 g6 3. Bg5 Bg7 4. Nbd2 O-O 5. c3 d6 6. e4 Nc6 7. Be2 e5 8. dxe5
Nxe5 9. O-O Nxf3+ 10. Bxf3 Re8 11. h3 Bd7 12. Re1 Bc6 13. e5 Rxe5 14. Rxe5 dxe5
15. Bxc6 bxc6 16. Nc4 Qd5 17. Qe2 h6 18. Bxf6 Bxf6 19. Rd1 Qe6 20. Qg4 Qxg4 21.
hxg4 Kf8 22. Rd7 Rc8 23. Na5 Ke8 24. Rd2 Bg5 25. Re2 f6 26. Nxc6 Kd7 27. Na5
Rb8 28. g3 Rb5 29. Nc4 Rd5 30. Kf1 Kc6 31. Ke1 Kc5 32. Na5 h5 33. gxh5 gxh5 34.
Re4 Kb6 35. Nc4+ Kc6 36. Ke2 Kd7 37. Ne3 Rb5 38. b4 Bxe3 39. fxe3 Rb6 40. a4
Rb8 41. Kf3 c6 42. Rc4 Kd6 43. Rc5 Rh8 44. Ra5 h4 45. gxh4 Rxh4 46. Ke2 e4 47.
Kf2 Rh2+ 48. Kg3 Rc2 49. Kf4 Rxc3 50. Rxa7 Rb3 51. Rb7 Ra3 52. a5 c5 53. bxc5+
Kxc5 54. Ra7 Ra4 55. Kf5 Kd6 56. a6 Ra5+ 57. Kxe4 Ke6 58. Ra8 Kf7 59. Kd4 Kg7
60. Kc4 Kf7 61. Kb4 Ra1 62. Kb5 Rb1+ 63. Kc5 Rc1+ 64. Kb6 Rb1+ 65. Ka7 Rb3 66.
Rb8 Rxe3 67. Rb5 Kg6 68. Kb6 Re6+ 69. Ka5 Re7 70. Kb4 Re4+ 71. Kc5 Re5+ 72. Kb6
Re6+ 73. Ka5 Re7 74. Rb7 Re5+ 75. Kb4 Re4+ 76. Kc5 Re5+ 77. Kd6 Ra5 78. a7 f5
79. Kc7 Ra1 80. Kb6 f4 81. Rb8 Kf5 82. a8=Q Rxa8 83. Rxa8 Ke4 84. Ra4+ Ke3 85.
Ra3+ Ke2 86. Kc5 f3 87. Kd4 f2 88. Ra2+ Kf3 1/2-1/2

[Event "Aeroflot Open 2010"]
[Site "Moscu RUS"]
[Date "2010.02.14"]
[Round "6.14"]
[White "Romanov, Evgeny"]
[Black "Vescovi, Giovanni"]
[Result "0-1"]
[WhiteElo "2599"]
[BlackElo "2660"]
[PlyCount "152"]
[EventDate "2010.02.09"]
[EventType "swiss"]
[EventRounds "9"]
[EventCountry "RUS"]
[Source "lmi"]
[SourceDate "2010.02.09"]

1. Nf3 Nf6 2. c4 e6 3. g3 d5 4. Bg2 dxc4 5. Qa4+ Nbd7 6. Qxc4 a6 7. Qb3 Ra7 8.
a4 b6 9. O-O Bb7 10. d3 Be7 11. Na3 O-O 12. Nc4 Qa8 13. Bd2 Ne8 14. Rfc1 Nd6
15. Ne3 c5 16. Qa2 a5 17. Qb3 Nf5 18. Nxf5 exf5 19. Ne1 Re8 20. Bxb7 Qxb7 21.
Ng2 Nf8 22. Re1 Ne6 23. Bc3 Bd6 24. Qc4 Qb8 25. e3 Rd7 26. f4 Bf8 27. g4 fxg4
28. f5 Nc7 29. Qxg4 Nd5 30. f6 Re6 31. Nf4 Nxf4 32. exf4 Qd6 33. Re4 g6 34. f5
Rxe4 35. dxe4 c4 36. e5 Qc5+ 37. Kg2 Rd3 38. Re1 Qd5+ 39. Qe4 gxf5 40. Qxd5
Rxd5 41. Kf3 Bh6 42. e6 Rd3+ 43. Kg2 fxe6 44. Rxe6 Bd2 45. Rxb6 Bxc3 46. bxc3
Kf7 47. Rb5 Kxf6 48. Rxa5 Rxc3 49. Rc5 Kg5 50. a5 Ra3 51. Rxc4 Ra2+ 52. Kg3
Ra3+ 53. Kg2 Rxa5 54. Rb4 Ra2+ 55. Kg3 Ra3+ 56. Kg2 Re3 57. Ra4 Re2+ 58. Kg3
Re3+ 59. Kg2 Re4 60. Ra3 Rg4+ 61. Kf2 h5 62. Kf3 Kh4 63. Ra5 Kg5 64. Ra8 Rf4+
65. Kg2 Rb4 66. Rg8+ Kf4 67. Rh8 Rb2+ 68. Kh3 Ke3 69. Rxh5 f4 70. Re5+ Kf2 71.
Kg4 f3 72. Rf5 Rb4+ 73. Kg5 Kg2 74. h4 Kg3 75. h5 Rg4+ 76. Kh6 f2 0-1

[Event "Aeroflot Open 2010"]
[Site "Moscu RUS"]
[Date "2010.02.14"]
[Round "6.17"]
[White "Zvjaginsev, Vadim"]
[Black "Belov, Vladimir"]
[Result "1/2-1/2"]
[WhiteElo "2642"]
[BlackElo "2595"]
[PlyCount "33"]
[EventDate "2010.02.09"]
[EventType "swiss"]
[EventRounds "9"]
[EventCountry "RUS"]
[Source "lmi"]
[SourceDate "2010.02.09"]

1. e4 c6 2. d4 d5 3. Nd2 dxe4 4. Nxe4 Nd7 5. Nf3 Ngf6 6. Ned2 c5 7. Nc4 e6 8.
Bf4 Nb6 9. dxc5 Qxd1+ 10. Rxd1 Nxc4 11. Bxc4 Bxc5 12. Ke2 a6 13. a4 Bd7 14. Bb3
Bc6 15. Rhg1 Bd5 16. Bxd5 Nxd5 17. Bd2 1/2-1/2

[Event "Aeroflot Open 2010"]
[Site "Moscu RUS"]
[Date "2010.02.14"]
[Round "6.19"]
[White "Volokitin, Andrei"]
[Black "Rakhmanov, Aleksandr"]
[Result "1/2-1/2"]
[WhiteElo "2691"]
[BlackElo "2591"]
[PlyCount "69"]
[EventDate "2010.02.09"]
[EventType "swiss"]
[EventRounds "9"]
[EventCountry "RUS"]
[Source "lmi"]
[SourceDate "2010.02.09"]

1. e4 c5 2. Nf3 Nf6 3. Nc3 d5 4. exd5 Nxd5 5. Bb5+ Bd7 6. Ne5 Bxb5 7. Qf3 f6 8.
Nxb5 Na6 9. Nc4 Qd7 10. c3 e6 11. a4 Be7 12. O-O O-O 13. d4 Rfd8 14. Be3 cxd4
15. Bxd4 b6 16. Rfd1 Qc6 17. Ne3 Bf8 18. Nxd5 exd5 19. Be3 Rd7 20. Nd4 Qb7 21.
h4 Re8 22. h5 h6 23. Qg4 Kh8 24. Qg6 Rdd8 25. Re1 Qd7 26. a5 Nc5 27. axb6 axb6
28. Nf5 Re5 29. Nh4 Rde8 30. Nf3 Re4 31. Red1 Nb3 32. Ra6 Bc5 33. Bxc5 bxc5 34.
Rb6 Na5 35. Qg3 1/2-1/2

[Event "Aeroflot Open 2010"]
[Site "Moscu RUS"]
[Date "2010.02.14"]
[Round "6.20"]
[White "Khusnutdinov, Rustam"]
[Black "Predojevic, Borki"]
[Result "0-1"]
[WhiteElo "2513"]
[BlackElo "2642"]
[PlyCount "74"]
[EventDate "2010.02.09"]
[EventType "swiss"]
[EventRounds "9"]
[EventCountry "RUS"]
[Source "lmi"]
[SourceDate "2010.02.09"]

1. e4 c5 2. Nf3 d6 3. d4 cxd4 4. Nxd4 Nf6 5. Nc3 Bd7 6. Bc4 Nc6 7. Bg5 Qa5 8.
Bxf6 gxf6 9. Nb3 Qg5 10. g3 Rc8 11. Qe2 Bg7 12. Rd1 h5 13. h4 Qg4 14. Qe3 Bh6
15. f4 Nb4 16. Bd3 Rg8 17. Kf2 e5 18. Rdg1 exf4 19. gxf4 Bxf4 20. Qf3 Qxf3+ 21.
Kxf3 Rxg1 22. Rxg1 Be5 23. Rg8+ Ke7 24. Rxc8 Bxc8 25. a3 Nxd3 26. cxd3 f5 27.
d4 fxe4+ 28. Nxe4 Bg7 29. Kf4 Be6 30. Na5 Bxd4 31. Nxb7 Be5+ 32. Kg5 Bd5 33.
Nbxd6 Bxd6 34. Nxd6 Kxd6 35. Kxh5 Ke5 36. Kg5 f6+ 37. Kg4 f5+ 0-1

[Event "Aeroflot Open 2010"]
[Site "Moscu RUS"]
[Date "2010.02.14"]
[Round "6.21"]
[White "Kobalia, Mikhail"]
[Black "Kosintseva, Tatiana"]
[Result "1-0"]
[WhiteElo "2637"]
[BlackElo "2515"]
[PlyCount "197"]
[EventDate "2010.02.09"]
[EventType "swiss"]
[EventRounds "9"]
[EventCountry "RUS"]
[Source "lmi"]
[SourceDate "2010.02.09"]

1. d4 Nf6 2. c4 e6 3. Nf3 d5 4. Nc3 Bb4 5. cxd5 exd5 6. Bg5 Nbd7 7. e3 c5 8.
Bd3 Qa5 9. Qc2 c4 10. Bf5 O-O 11. O-O Re8 12. Nd2 g6 13. Bxd7 Nxd7 14. f3 Nb6
15. e4 Bxc3 16. Qxc3 Qxc3 17. bxc3 Bd7 18. Rab1 Bc6 19. e5 Na4 20. Rfc1 b5 21.
Nf1 a5 22. a3 Rab8 23. Ne3 Nb6 24. Ng4 Nd7 25. Bh6 Re6 26. Re1 Rbe8 27. Kf2 f6
28. exf6 Rxe1 29. Rxe1 Rxe1 30. Kxe1 Kf7 31. Bg5 Ke6 32. f7 Kxf7 33. Bd8 a4 34.
Ke2 h5 35. Nf2 Nf8 36. Bg5 Ne6 37. Be3 Kf6 38. h4 Bd7 39. g4 Bc8 40. Bc1 Bd7
41. Ke3 Be8 42. Nh3 Bd7 43. Kf2 Bc8 44. Kg3 Bd7 45. Nf2 Bc6 46. Nd1 Kf7 47. Be3
Bd7 48. Bf2 Bc6 49. Be3 Bd7 50. Kg2 Ng7 51. Kh3 Ne6 52. Kg3 Be8 53. Bc1 Bc6 54.
Ne3 Nf8 55. Nc2 Ke6 56. Bg5 Be8 57. Nb4 Kd6 58. Bh6 Nh7 59. Bg7 Ke6 60. Kf4 Kf7
61. Bh8 hxg4 62. Kxg4 Ke6 63. Kf4 Kd6 64. Be5+ Ke6 65. Na6 Bc6 66. Bg7 Kf7 67.
Bh6 Ke6 68. Nc5+ Kd6 69. Bg7 Be8 70. Be5+ Ke7 71. Na6 Bc6 72. Bg7 Kf7 73. Bh6
Ke6 74. Nc5+ Kd6 75. Bg7 Be8 76. Kg4 Ke7 77. Na6 Bd7+ 78. Kf4 Kd6 79. Be5+ Ke7
80. Bc7 Bc8 81. Nc5 Nf6 82. Ke5 Nd7+ 83. Nxd7 Kxd7 84. Ba5 Ke7 85. Bb4+ Kf7 86.
Kxd5 Bb7+ 87. Kc5 Ke6 88. Kxb5 Kd5 89. Kxa4 Bc6+ 90. Ka5 Bd7 91. Kb6 Ba4 92.
Be7 Be8 93. Bf6 Ba4 94. Be5 Be8 95. f4 Bd7 96. Kc7 Ba4 97. f5 gxf5 98. h5 Bc2
99. Bf4 1-0

[Event "Aeroflot Open 2010"]
[Site "Moscu RUS"]
[Date "2010.02.14"]
[Round "6.22"]
[White "Ehlvest, Jaan"]
[Black "Amonatov, Farrukh"]
[Result "1/2-1/2"]
[WhiteElo "2600"]
[BlackElo "2634"]
[PlyCount "107"]
[EventDate "2010.02.09"]
[EventType "swiss"]
[EventRounds "9"]
[EventCountry "RUS"]
[Source "lmi"]
[SourceDate "2010.02.09"]

1. c4 Nf6 2. Nc3 g6 3. d4 Bg7 4. e4 d6 5. Be2 O-O 6. Nf3 e5 7. O-O Nc6 8. d5
Ne7 9. b4 Nh5 10. Re1 f5 11. Qd3 h6 12. c5 Nf6 13. cxd6 cxd6 14. Nd2 g5 15. Ba3
a6 16. b5 axb5 17. Nxb5 fxe4 18. Nxe4 Nxe4 19. Qxe4 Rf4 20. Qc2 Nf5 21. Bc1 Nd4
22. Nxd4 Rxd4 23. Be3 Rda4 24. Bb5 Ra3 25. Bc4 Bd7 26. Rac1 Rc8 27. Qb1 Ra4 28.
Bb5 Bxb5 29. Qxb5 Rxa2 30. Qxb7 Rb8 31. Qc6 Raa8 32. h3 Rc8 33. Qb5 Rab8 34.
Qa6 Ra8 35. Rxc8 Rxc8 36. Rb1 Ra8 37. Qc6 Rc8 38. Qa4 Ra8 39. Qc2 Rc8 40. Qf5
Rb8 41. Rxb8 Qxb8 42. h4 gxh4 43. Qg6 Qf8 44. Bxh6 Qf7 45. Qg5 Qf6 46. Qxf6
Bxf6 47. Kh2 Kf7 48. Kh3 Kg6 49. Bf8 Kf5 50. Bxd6 Ke4 51. Kg4 Kxd5 52. Ba3 e4
53. Bc1 Bd4 54. f3 1/2-1/2

[Event "Aeroflot Open 2010"]
[Site "Moscu RUS"]
[Date "2010.02.14"]
[Round "6.25"]
[White "Safarli, Eltaj"]
[Black "Andriasian, Zaven"]
[Result "1/2-1/2"]
[WhiteElo "2594"]
[BlackElo "2613"]
[PlyCount "96"]
[EventDate "2010.02.09"]
[EventType "swiss"]
[EventRounds "9"]
[EventCountry "RUS"]
[Source "lmi"]
[SourceDate "2010.02.09"]

1. e4 c5 2. Nf3 d6 3. d4 cxd4 4. Nxd4 Nf6 5. Nc3 a6 6. Be3 e5 7. Nf3 Be7 8. Bc4
O-O 9. O-O Nc6 10. Bb3 Be6 11. Qe2 Na5 12. Rfd1 Nxb3 13. axb3 Qc7 14. Bg5 Nh5
15. Ne1 g6 16. Bh6 Rfd8 17. Nd3 Bf8 18. Bg5 Be7 19. Qe3 Bxg5 20. Qxg5 Kg7 21.
Rd2 h6 22. Qe3 Nf6 23. Rad1 Rac8 24. h3 Qa5 25. Kh1 Rd7 26. f4 exf4 27. Nxf4
Qe5 28. Nd3 Qg5 29. Nf4 Qe5 30. Nd3 Qg5 31. Qf2 Nh5 32. Kh2 Kg8 33. Rf1 a5 34.
Re2 Ng7 35. Re3 Rdc7 36. Rg3 Qe7 37. Nf4 Rc5 38. Nfd5 Bxd5 39. Nxd5 Qe6 40. c3
Nh5 41. Re3 b5 42. g4 Ng7 43. Qf4 g5 44. Qf2 Rf8 45. Rf3 f5 46. gxf5 Qxe4 47.
Ne3 Kh8 48. Qg3 Qe5 1/2-1/2

[Event "Aeroflot Open 2010"]
[Site "Moscu RUS"]
[Date "2010.02.14"]
[Round "6.26"]
[White "Smirin, Ilia"]
[Black "Ragger, Markus"]
[Result "1-0"]
[WhiteElo "2668"]
[BlackElo "2568"]
[PlyCount "65"]
[EventDate "2010.02.09"]
[EventType "swiss"]
[EventRounds "9"]
[EventCountry "RUS"]
[Source "lmi"]
[SourceDate "2010.02.09"]

1. e4 e5 2. Nf3 Nc6 3. Bb5 a6 4. Ba4 Nf6 5. O-O b5 6. Bb3 Bc5 7. c3 d6 8. d4
Bb6 9. Be3 Bg4 10. Nbd2 O-O 11. h3 Bh5 12. Bg5 Na5 13. dxe5 dxe5 14. Bc2 h6 15.
Bh4 Bxf3 16. Nxf3 Re8 17. a4 Qxd1 18. Rfxd1 Nh5 19. Kf1 g5 20. g4 Nf4 21. Bg3
Nc4 22. b3 Nd6 23. Bxf4 gxf4 24. Rd5 f6 25. a5 Ba7 26. b4 Rad8 27. Rad1 Bb8 28.
Rc5 Nc4 29. Rc6 Rxd1+ 30. Bxd1 Nd6 31. Bb3+ Kf8 32. Bd5 Rc8 33. Nd2 1-0

[Event "Aeroflot Open 2010"]
[Site "Moscu RUS"]
[Date "2010.02.14"]
[Round "6.27"]
[White "Zhigalko, Sergei"]
[Black "Feller, Sebastien"]
[Result "1/2-1/2"]
[WhiteElo "2646"]
[BlackElo "2579"]
[PlyCount "54"]
[EventDate "2010.02.09"]
[EventType "swiss"]
[EventRounds "9"]
[EventCountry "RUS"]
[Source "lmi"]
[SourceDate "2010.02.09"]

1. e4 c5 2. Nf3 d6 3. d4 Nf6 4. Nc3 cxd4 5. Qxd4 a6 6. Bc4 Nc6 7. Qd3 e6 8. Bf4
b5 9. Bb3 Bb7 10. O-O-O Qb6 11. Qe2 Na5 12. Rhe1 Be7 13. Nd5 Nxb3+ 14. axb3
exd5 15. exd5 Ng8 16. Nd4 O-O-O 17. Qg4+ Kb8 18. Nc6+ Bxc6 19. dxc6 Bf8 20. Qf3
Nf6 21. Rd3 Rc8 22. Rc3 Ka8 23. Be3 Qc7 24. Bf4 Qb6 25. Be3 Qc7 26. Bf4 Qb6 27.
Be3 Qc7 1/2-1/2

[Event "Aeroflot Open 2010"]
[Site "Moscu RUS"]
[Date "2010.02.14"]
[Round "6.28"]
[White "Danin, Alexandre"]
[Black "Efimenko, Zahar"]
[Result "1/2-1/2"]
[WhiteElo "2519"]
[BlackElo "2668"]
[PlyCount "53"]
[EventDate "2010.02.09"]
[EventType "swiss"]
[EventRounds "9"]
[EventCountry "RUS"]
[Source "lmi"]
[SourceDate "2010.02.09"]

1. e4 d6 2. d4 Nf6 3. Nc3 g6 4. g3 Bg7 5. Bg2 O-O 6. Nge2 e5 7. h3 c6 8. a4 a5
9. Be3 Na6 10. O-O Nb4 11. f4 Nh5 12. g4 Nxf4 13. Nxf4 exd4 14. Bxd4 Bxd4+ 15.
Qxd4 Nxc2 16. Qd2 Nxa1 17. Rxa1 Be6 18. Rf1 Qb6+ 19. Rf2 Qc5 20. e5 dxe5 21.
Ne4 Qd4 22. Nf6+ Kh8 23. Nd3 Kg7 24. Nh5+ Kh8 25. Nf6 Kg7 26. Nh5+ Kh8 27. Nf6
1/2-1/2

[Event "Aeroflot Open 2010"]
[Site "Moscu RUS"]
[Date "2010.02.14"]
[Round "6.29"]
[White "Potkin, Vladimir"]
[Black "Morovic Fernandez, Ivan"]
[Result "1/2-1/2"]
[WhiteElo "2611"]
[BlackElo "2561"]
[PlyCount "58"]
[EventDate "2010.02.09"]
[EventType "swiss"]
[EventRounds "9"]
[EventCountry "RUS"]
[Source "lmi"]
[SourceDate "2010.02.09"]

1. d4 Nf6 2. c4 e6 3. Nf3 b6 4. g3 Bb7 5. Bg2 Bb4+ 6. Bd2 Bxd2+ 7. Qxd2 O-O 8.
O-O d6 9. Qf4 Nbd7 10. Nc3 Qe7 11. e4 e5 12. Qe3 c6 13. Rad1 a6 14. Nh4 g6 15.
Qg5 Kh8 16. f4 Rae8 17. c5 bxc5 18. dxe5 dxe5 19. fxe5 Qxe5 20. Qxe5 Rxe5 21.
Bh3 Bc8 22. Rd6 Kg7 23. Nf3 Rh5 24. Bxd7 Nxd7 25. g4 Rh6 26. Rxc6 Nb8 27. Rc7
Bxg4 28. Ng5 Bd7 29. e5 Rh4 1/2-1/2

[Event "Aeroflot Open 2010"]
[Site "Moscu RUS"]
[Date "2010.02.14"]
[Round "6.31"]
[White "Javakhishvili, Lela"]
[Black "Zhou, Weiqi"]
[Result "1/2-1/2"]
[WhiteElo "2493"]
[BlackElo "2600"]
[PlyCount "73"]
[EventDate "2010.02.09"]
[EventType "swiss"]
[EventRounds "9"]
[EventCountry "RUS"]
[Source "lmi"]
[SourceDate "2010.02.09"]

1. d4 Nf6 2. c4 c5 3. d5 e5 4. Nc3 d6 5. e4 Be7 6. Be2 Nbd7 7. Nf3 O-O 8. a3 a6
9. O-O Ne8 10. b4 b6 11. Rb1 g6 12. Ne1 f5 13. bxc5 bxc5 14. Nf3 f4 15. Na4 g5
16. h3 Ra7 17. Bd2 Ng7 18. Nh2 Nf6 19. Bf3 h5 20. Nb6 Rb7 21. Nxc8 Qxc8 22.
Rxb7 Qxb7 23. g4 h4 24. Qc2 Rb8 25. Rc1 Qb2 26. Qxb2 Rxb2 27. Nf1 Bd8 28. a4
Ra2 29. Rb1 Bc7 30. Bd1 Nxe4 31. Be1 Ne8 32. Kg2 N4f6 33. Bd2 Ne4 34. Be1 N4f6
35. Bd2 Ne4 36. Be1 N4f6 37. Bd2 1/2-1/2

[Event "Aeroflot Open 2010"]
[Site "Moscu RUS"]
[Date "2010.02.14"]
[Round "6.32"]
[White "Lenic, Luka"]
[Black "Shomoev, Anton"]
[Result "1-0"]
[WhiteElo "2595"]
[BlackElo "2559"]
[PlyCount "89"]
[EventDate "2010.02.09"]
[EventType "swiss"]
[EventRounds "9"]
[EventCountry "RUS"]
[Source "lmi"]
[SourceDate "2010.02.09"]

1. d4 Nf6 2. c4 e6 3. Nf3 b6 4. a3 Bb7 5. Nc3 d5 6. cxd5 Nxd5 7. Qc2 Nxc3 8.
bxc3 c5 9. e4 Nc6 10. Bc4 cxd4 11. cxd4 b5 12. Bd3 Rc8 13. Qe2 Be7 14. O-O O-O
15. Bb2 a6 16. Rad1 Na5 17. d5 exd5 18. exd5 Nc4 19. Qe4 g6 20. Bxc4 Rxc4 21.
Qe5 f6 22. Qe6+ Rf7 23. d6 Bf8 24. d7 Re4 25. Ne5 fxe5 26. Qe8 Rg4 27. g3 Qf6
28. Qxe5 Qxe5 29. Bxe5 Be7 30. d8=Q+ Bxd8 31. Rxd8+ Rf8 32. Rxf8+ Kxf8 33. f4
h5 34. Bf6 Kf7 35. Bd8 Ke6 36. Kf2 h4 37. Bxh4 Rxh4 38. gxh4 Bd5 39. Re1+ Kf6
40. Re5 Bc4 41. Rc5 Kg7 42. h5 gxh5 43. Rxh5 a5 44. Rc5 a4 45. Rxc4 1-0

[Event "Aeroflot Open 2010"]
[Site "Moscu RUS"]
[Date "2010.02.14"]
[Round "6.33"]
[White "Maletin, Pavel"]
[Black "Kosintseva, Nadezhda"]
[Result "1-0"]
[WhiteElo "2591"]
[BlackElo "2533"]
[PlyCount "143"]
[EventDate "2010.02.09"]
[EventType "swiss"]
[EventRounds "9"]
[EventCountry "RUS"]
[Source "lmi"]
[SourceDate "2010.02.09"]

1. Nf3 c5 2. c4 Nf6 3. d4 cxd4 4. Nxd4 g6 5. g3 Bg7 6. Bg2 Nc6 7. Nc2 O-O 8.
Nc3 d6 9. O-O Be6 10. b3 Qd7 11. e4 Bh3 12. Rb1 Bxg2 13. Kxg2 Rad8 14. Ne3 b6
15. f3 Ne8 16. Bb2 f5 17. Qd2 Nf6 18. exf5 gxf5 19. Ned5 e6 20. Nxf6+ Bxf6 21.
Rfe1 e5 22. Rbd1 Rfe8 23. Nd5 Bg7 24. Qc2 Qf7 25. Re2 Re6 26. b4 Rde8 27. Rde1
h5 28. Qa4 Nb8 29. Qb3 Nc6 30. Qa4 Nb8 31. f4 h4 32. fxe5 dxe5 33. Rf2 hxg3 34.
hxg3 Rc8 35. Qc2 b5 36. Rxf5 Rxc4 37. Qxc4 bxc4 38. Rxf7 Kxf7 39. Rf1+ Kg6 40.
Ne3 Nc6 41. a3 Nd4 42. Nxc4 Rc6 43. Rc1 Re6 44. a4 a6 45. Bxd4 exd4 46. b5 Re2+
47. Kf3 Ra2 48. b6 Rxa4 49. b7 Rb4 50. Na5 Be5 51. Rc5 Bb8 52. Rc8 Be5 53. Rc5
Bb8 54. Rc6+ Kf7 55. Rc8 Be5 56. g4 Bh2 57. Nc6 Rb3+ 58. Ke4 d3 59. Ke3 Kg6 60.
Rg8+ Kf6 61. b8=Q Bxb8 62. Nxb8 Kf7 63. Rc8 Ke6 64. Nxa6 d2+ 65. Kxd2 Rg3 66.
Rc4 Kd5 67. Ra4 Kc6 68. Rf4 Kd6 69. Nb4 Ke5 70. Rc4 Kf6 71. Nd5+ Kg5 72. Ne3
1-0

[Event "Aeroflot Open 2010"]
[Site "Moscu RUS"]
[Date "2010.02.14"]
[Round "6.34"]
[White "Hou, Yifan"]
[Black "Salem, A.R. Saleh"]
[Result "1-0"]
[WhiteElo "2590"]
[BlackElo "2484"]
[PlyCount "81"]
[EventDate "2010.02.09"]
[EventType "swiss"]
[EventRounds "9"]
[EventCountry "RUS"]
[Source "lmi"]
[SourceDate "2010.02.09"]

1. e4 e5 2. Bc4 Nf6 3. d3 c6 4. Qe2 d5 5. exd5 cxd5 6. Bb5+ Nc6 7. Qxe5+ Be7 8.
Nf3 O-O 9. Bxc6 bxc6 10. O-O Bd6 11. Qe2 Re8 12. Qd1 Rb8 13. b3 h6 14. Bb2 Nh5
15. Re1 Bg4 16. Nbd2 Nf4 17. Re3 Qd7 18. Qf1 f6 19. Rxe8+ Qxe8 20. h3 Bd7 21.
Kh1 c5 22. Ng1 Qh5 23. Re1 a5 24. Ndf3 d4 25. Bc1 Nd5 26. a4 Nb4 27. Re2 g5 28.
Nd2 Qg6 29. Nc4 Bc7 30. Ba3 Nd5 31. Bxc5 Nf4 32. Re7 Qf5 33. Bxd4 Kf8 34. Ne3
Kxe7 35. Nxf5+ Bxf5 36. Qe1+ Kf7 37. Qc3 Rc8 38. Nf3 Bd6 39. Qxa5 Be6 40. Qa7+
Kg6 41. Qa6 1-0

[Event "Aeroflot Open 2010"]
[Site "Moscu RUS"]
[Date "2010.02.14"]
[Round "6.36"]
[White "Ghaem Maghami, Ehsan"]
[Black "Papin, Vasily"]
[Result "1/2-1/2"]
[WhiteElo "2589"]
[BlackElo "2548"]
[PlyCount "41"]
[EventDate "2010.02.09"]
[EventType "swiss"]
[EventRounds "9"]
[EventCountry "RUS"]
[Source "lmi"]
[SourceDate "2010.02.09"]

1. c4 e6 2. Nf3 Nf6 3. d4 d5 4. Nc3 c6 5. Bg5 h6 6. Bxf6 Qxf6 7. e3 Nd7 8. a3
g6 9. cxd5 exd5 10. Bd3 Bg7 11. O-O O-O 12. b4 Qd6 13. Qb3 Nf6 14. b5 c5 15.
dxc5 Qxc5 16. Rac1 Qb6 17. Rfd1 Rd8 18. Be2 Be6 19. Nd4 Rac8 20. h3 Ne4 21. Na4
1/2-1/2

[Event "Aeroflot Open 2010"]
[Site "Moscu RUS"]
[Date "2010.02.14"]
[Round "6.37"]
[White "Salgado Lopez, Ivan"]
[Black "Iljushin, Alexei"]
[Result "1-0"]
[WhiteElo "2584"]
[BlackElo "2551"]
[PlyCount "53"]
[EventDate "2010.02.09"]
[EventType "swiss"]
[EventRounds "9"]
[EventCountry "RUS"]
[Source "lmi"]
[SourceDate "2010.02.09"]

1. d4 f5 2. Bg5 g6 3. Nc3 d5 4. e3 Bg7 5. Nge2 Nh6 6. Nf4 Nf7 7. Bh4 c6 8. Be2
Qd6 9. O-O O-O 10. Bg3 e5 11. dxe5 Nxe5 12. Nb1 Qe7 13. Nd2 Nf7 14. Re1 Bxb2
15. c4 d4 16. Rb1 Bc3 17. exd4 Bxd4 18. c5 Qf6 19. Bc4 Bxc5 20. Nf3 b5 21. Bh4
Qd6 22. Bxf7+ Rxf7 23. Re8+ Rf8 24. Qb3+ Kg7 25. Re7+ Qxe7 26. Bxe7 Bxe7 27.
Nd4 1-0

[Event "Aeroflot Open 2010"]
[Site "Moscu RUS"]
[Date "2010.02.14"]
[Round "6.38"]
[White "Svetushkin, Dmitry"]
[Black "Novikov, Stanislav"]
[Result "0-1"]
[WhiteElo "2573"]
[BlackElo "2557"]
[PlyCount "108"]
[EventDate "2010.02.09"]
[EventType "swiss"]
[EventRounds "9"]
[EventCountry "RUS"]
[Source "lmi"]
[SourceDate "2010.02.09"]

1. d4 Nf6 2. c4 d6 3. Nc3 e5 4. d5 Be7 5. g3 O-O 6. Bg2 Ne8 7. e4 f5 8. Nge2
Na6 9. exf5 Bxf5 10. Ne4 Nf6 11. N2c3 Nxe4 12. Nxe4 Bxe4 13. Bxe4 Nc5 14. Bc2
Bg5 15. Qh5 h6 16. Bxg5 Qxg5 17. Qxg5 hxg5 18. Ke2 Rf6 19. h4 Raf8 20. Raf1
gxh4 21. Rxh4 a5 22. Ke1 Kf7 23. Rfh1 Rb8 24. b3 b5 25. cxb5 Rxb5 26. Rh8 Nd7
27. Rc8 Rc5 28. Bd1 Nb6 29. Rch8 Nxd5 30. R1h7 Rc1 31. Kd2 Rxd1+ 32. Kxd1 Rxf2
33. Rh2 Rf1+ 34. Ke2 Ra1 35. Kf3 Nf6 36. Rc2 Ke6 37. Rhh2 c5 38. g4 g5 39. Rh6
e4+ 40. Kg3 Ke5 41. Rg6 Rg1+ 42. Rg2 Rxg2+ 43. Kxg2 Nxg4 44. Rxg5+ Kf4 45. Rg8
d5 46. Kf1 Kf3 47. Rc8 Ne3+ 48. Ke1 Ng2+ 49. Kd1 e3 50. Rf8+ Nf4 51. Re8 d4 52.
Re5 Nd3 53. Rf5+ Ke4 54. Rf8 Nf2+ 0-1

[Event "Aeroflot Open 2010"]
[Site "Moscu RUS"]
[Date "2010.02.14"]
[Round "6.39"]
[White "Krylov, Mikhail"]
[Black "Vazquez Igarza, Renier"]
[Result "1-0"]
[WhiteElo "2511"]
[BlackElo "2560"]
[PlyCount "91"]
[EventDate "2010.02.09"]
[EventType "swiss"]
[EventRounds "9"]
[EventCountry "RUS"]
[Source "lmi"]
[SourceDate "2010.02.09"]

1. d4 d5 2. c4 c6 3. Nf3 Nf6 4. Nc3 dxc4 5. a4 Bf5 6. Ne5 Nbd7 7. Nxc4 Qc7 8.
g3 e5 9. dxe5 Nxe5 10. Bf4 Nfd7 11. Bg2 g5 12. Ne3 gxf4 13. Nxf5 O-O-O 14. Qc2
Ng6 15. O-O-O Bb4 16. Na2 Bf8 17. Rd4 Nde5 18. Rhd1 Rxd4 19. Rxd4 fxg3 20. hxg3
Kb8 21. Kb1 a5 22. Nc1 Ne7 23. f4 Ng4 24. Bf3 h5 25. Qd3 Nxf5 26. Qxf5 Bg7 27.
Rd7 Qb6 28. Nd3 Ne3 29. Qc5 Qb3 30. Qxe3 Kc8 31. Qd2 Bc3 32. Qxc3 Qxc3 33. bxc3
Kxd7 34. Kc2 h4 35. gxh4 Rxh4 36. c4 f6 37. c5 Kc7 38. Kc3 b6 39. cxb6+ Kxb6
40. Kd4 Rh8 41. Nf2 Rd8+ 42. Kc3 Re8 43. Ne4 Rf8 44. Nd2 Kc5 45. Nb3+ Kb6 46.
Nd4 1-0

[Event "Aeroflot Open 2010"]
[Site "Moscu RUS"]
[Date "2010.02.14"]
[Round "6.40"]
[White "Ajrapetjan, Yuriy"]
[Black "Laylo, Darwin"]
[Result "1-0"]
[WhiteElo "2525"]
[BlackElo "2556"]
[PlyCount "109"]
[EventDate "2010.02.09"]
[EventType "swiss"]
[EventRounds "9"]
[EventCountry "RUS"]
[Source "lmi"]
[SourceDate "2010.02.09"]

1. d4 d5 2. c4 c6 3. Nf3 Nf6 4. Nc3 a6 5. a4 e6 6. g3 dxc4 7. Bg2 c5 8. dxc5
Qxd1+ 9. Nxd1 Bd7 10. Ne5 Nc6 11. Nxc6 Bxc6 12. Bxc6+ bxc6 13. Bf4 Bxc5 14. Rc1
Bb4+ 15. Kf1 O-O-O 16. Ne3 Bd2 17. Rxc4 Kb7 18. Bg5 Bxe3 19. Bxe3 Rd1+ 20. Kg2
Rxh1 21. Kxh1 Nd7 22. Rb4+ Kc7 23. Rg4 g6 24. Rh4 h5 25. g4 Kd6 26. Kg2 e5 27.
gxh5 gxh5 28. Rb4 Rg8+ 29. Kh3 f5 30. f3 Kc7 31. Rc4 Nf6 32. Bd2 e4 33. Bf4+
Kb6 34. Be5 Nd7 35. Bc3 c5 36. b4 cxb4 37. Rxb4+ Kc5 38. Rb7 Kc6 39. Ra7 Nc5
40. Bd4 Kd5 41. Bxc5 Kxc5 42. Rxa6 Kd4 43. Rf6 Ke5 44. Rb6 Rg1 45. fxe4 Kxe4
46. a5 Ra1 47. a6 Ra2 48. Kh4 Ke5 49. Kg5 Rxe2 50. Rb5+ Ke4 51. Ra5 Rg2+ 52.
Kf6 Rg8 53. Ra4+ Kf3 54. Kxf5 Kg2 55. h4 1-0

[Event "Aeroflot Open 2010"]
[Site "Moscu RUS"]
[Date "2010.02.15"]
[Round "7.1"]
[White "Nguyen, Ngoc Truong Son"]
[Black "Grachev, Boris"]
[Result "1/2-1/2"]
[WhiteElo "2616"]
[BlackElo "2653"]
[PlyCount "72"]
[EventDate "2010.02.09"]
[EventType "swiss"]
[EventRounds "9"]
[EventCountry "RUS"]
[Source "lmi"]
[SourceDate "2010.02.09"]

1. c4 e6 2. Nf3 d5 3. g3 Nf6 4. Bg2 dxc4 5. Qa4+ c6 6. Qxc4 b5 7. Qc2 Bb7 8.
O-O c5 9. a4 b4 10. d3 Be7 11. Nbd2 O-O 12. Nc4 Nc6 13. e4 Rc8 14. Be3 Ba6 15.
Nfe5 Nd4 16. Qd1 Nd7 17. Nxd7 Qxd7 18. b3 Rfd8 19. Ra2 Nc6 20. Rd2 Bf6 21. Qh5
Bc3 22. Rdd1 Nd4 23. Rb1 g6 24. Qg4 h5 25. Qg5 Ne2+ 26. Kh1 Qxd3 27. Bxc5 Bxc4
28. bxc4 Qxc4 29. Bxa7 b3 30. f4 Qxa4 31. f5 exf5 32. exf5 Bd2 33. Be3 Bxe3 34.
Qxe3 Qe8 35. Qxe8+ Rxe8 36. fxg6 fxg6 1/2-1/2